<?xml version="1.0" encoding="UTF-8"?>
<marc:record xmlns:marc="http://www.loc.gov/MARC21/slim">
   <marc:leader>00000nam a2200000 a 4500</marc:leader>
   <marc:datafield ind1="1" ind2=" " tag="100">
      <marc:subfield code="a">Janssen, Framke</marc:subfield>
   </marc:datafield>
   <marc:datafield ind1="1" ind2=" " tag="100">
      <marc:subfield code="a">Morgan, Jeffrey Dean</marc:subfield>
   </marc:datafield>
   <marc:datafield ind1="1" ind2=" " tag="100">
      <marc:subfield code="a">Tanovic, Danis</marc:subfield>
   </marc:datafield>
   <marc:datafield ind1=" " ind2=" " tag="653">
      <marc:subfield code="a">London</marc:subfield>
   </marc:datafield>
   <marc:datafield ind1=" " ind2=" " tag="653">
      <marc:subfield code="a">Leiche</marc:subfield>
   </marc:datafield>
   <marc:datafield ind1=" " ind2=" " tag="653">
      <marc:subfield code="a">Ermittlung</marc:subfield>
   </marc:datafield>
   <marc:datafield ind1="0" ind2="0" tag="245">
      <marc:subfield code="a">Postcard Killings</marc:subfield>
   </marc:datafield>
   <marc:datafield ind1="0" ind2="0" tag="245">
      <marc:subfield code="c">Darst. : Jeffrey Dean Morgan; Famke Janssen ... Regie: Danis Tanovic</marc:subfield>
   </marc:datafield>
   <marc:datafield ind1=" " ind2="1" tag="264">
      <marc:subfield code="a">Ismaning</marc:subfield>
      <marc:subfield code="b">Euro Video</marc:subfield>
      <marc:subfield code="c">2020</marc:subfield>
   </marc:datafield>
   <marc:datafield ind1="1" ind2=" " tag="520">
      <marc:subfield code="a">Der New Yorker Detective Jacob Kanon (Jeffrey Dean Morgan) reist nach London, um dort seiner frisch verheirateten Tochter und ihrem Mann einem Besuch abzustatten. Doch soweit kommt es gar nicht erst, denn bereits am Flughafen wird er von Scotland Yard in Empfang genommen. Die Erklärung folgt auf dem Fuße: In einem Hostel wurde ein Paar getötet. Der Verdacht liegt nahe, dass es sich um Jacobs Tochter und ihren Ehemann handelt. Laut Scotland Yard wurden die Leichen auf rituelle Weise drapiert und verweisen auf ähnliche Mordfälle, die in anderen europäischen Metropolen vorgefallen sind. Also muss der US-Cop die Leiche seiner Tochter nun identifizieren. Doch dabei bleibt es nicht. Gegen den Willen der britischen Behörden mischt Jacob sich in die weiteren Ermittlungen ein...</marc:subfield>
   </marc:datafield>
   <marc:datafield ind1=" " ind2=" " tag="020">
      <marc:subfield code="a">4009750203569</marc:subfield>
      <marc:subfield code="9">4009750203569</marc:subfield>
   </marc:datafield>
   <marc:datafield ind1="0" ind2=" " tag="490">
      <marc:subfield code="v">0</marc:subfield>
   </marc:datafield>
   <marc:datafield ind1=" " ind2=" " tag="300">
      <marc:subfield code="a">1 DVD (PAL, Ländercode 2) farbig mit Ton : ca. 100 Min.</marc:subfield>
   </marc:datafield>
</marc:record>
